000
00308nam a22001217a 4500
008
230620b xxu||||| |||| 00| 0 eng d
082
_a
320.8
_b
DJI
100
_c
Moussa Djire
245
_a
The myths and realities of local governance in Sanankoroba, Mali
260
_c
2004
300
_a
36p
942
_2
ddc
_c
BK
999
_c
1673
_d
1673